Le plus gros transfert de chaque club de Ligue 1 (Arrivée) - Statistiques

Statistiques générales
  • Ce quiz a été pris 105 fois
  • Le résultat moyen est 9 sur 18
Statistiques - réponses
Club précédent Club Nationalité Montant Réponse % Correct
FC Barcelone Paris Saint Germain Brésil 222 M Neymar
100%
SC Braga Olympique de Marseille Portugal 32 M Vitinha
91%
FC Séville AS Monaco France 40 M Wissam Ben Yedder
86%
Montpellier HSC RC Lens France 30 M Elye Wahi
85%
La Gantoise LOSC Lille Canada 27 M Jonathan David
85%
OGC Nice Stade Rennais Algérie 28 M Amine Gouiri
76%
FC Lorient OGC Nice Nigéria 22,5 M Terem Moffi
72%
Angers SCO Olympique Lyonnais France 25 M Jeff Reine Adelaide
61%
Nîmes Olympique Montpellier Hérault SC France 9,5 M Téji Savanier
57%
LASK Stade de Reims Japon 12 M Keito Nakamura
48%
Djugarden Le Havre AC Zimbabwe 2 M Tino Kadewere
38%
Huddersfield Stade Brestois 29 Bénin 5 M Steve Mounié
34%
Spartak Moscou Clermont Foot 63 Belgique 3,5 M Maximiliano Caufriez
16%
Club Bruges KV RC Strasbourg Alsace Côte d'Ivoire 20 M Abakar Sylla
14%
FC Bruges FC Nantes Belgique 8,25 M Anthony Limbombe
11%
Udinese FC Lorient France 11 M Jean-Victor Makengo
11%
Dijon Toulouse FC France 8 M Wesley Said
7%
Deportivo la Corogne FC Metz Cameroun 6,5 M Jacques Songo'o
1%
Aucun quiz correspondant
Distribution des résultats
% des personnes avec chaque résultat
Percentile par nombre de réponses
Votre historique - résultats
Vous n’avez pas pris ce quiz